Statistiques concernant Buteurs français euro 2000

Cliquez ici pour prendre le quiz!

Statistiques générales

  • Ce quiz a été pris 66 fois
  • Le résultat moyen est 6 sur 7

Statistiques - réponses

ButsJoueurs% Correct
3Thierry Henry
100%
2Zinedine Zidane
100%
2David Trezeguet
95%
2Youri Djorkaeff
83%
1Laurent Blanc
79%
2Sylvain Wiltord
78%
1Christophe Dugarry
68%

Distribution des résultats

Percentile par nombre de réponses

% des personnes avec chaque résultat

Votre développement - résultats

Vous n’avez pas pris ce quiz